[Event "Budapest FS03 GM"]
[Site "Budapest"]
[Date "1996.??.??"]
[Round "2"]
[White "Totsky, Leonid"]
[Black "Tolnai, Tibor"]
[Result "1-0"]
[WhiteElo "2430"]
[BlackElo "2450"]
[Annotator "Baburin,A"]
[PlyCount "77"]
[EventDate "1996.03.??"]
[EventType "tourn"]
[EventRounds "13"]
[EventCountry "HUN"]
[EventCategory "9"]
[SourceTitle "CBM 053"]
[Source "ChessBase"]
[SourceDate "1996.08.01"]
[SourceVersion "1"]
[SourceVersionDate "1996.08.01"]
[SourceQuality "1"]

1. e4 c5 2. Nf3 e6 3. c3 d5 4. exd5 Qxd5 5. d4 Nf6 6. Na3 cxd4 7. Nb5 Qd8 8.
Qxd4 a6 9. Qxd8+ Kxd8 {[#] Here White finds an interesting way to seize the
initiative, using his lead in development.} 10. Ne5 $5 axb5 11. Nxf7+ Ke8 12.
Nxh8 {This knight is likely to be lost eventually, but that will take time;
secondly, White will have sufficient material compensaion even when that
happens - a rook and pawn for two knights. Thus, White's approach in the
opening seems promising.} b4 13. Bd2 Nc6 14. Bb5 Bd7 15. cxb4 Bxb4 16. Bxb4
Nxb4 17. Bxd7+ Nxd7 {As I pointed out before, simplification of the position
usually favours the side which has a rook vs minor pieces, as then the rook
can act with more efficiency. White has achieved a lot since 12 Nxh8.} 18.
O-O-O $1 Ne5 (18... Nxa2+ $4 19. Kb1 Nb4 20. Nf7 $18) 19. Kb1 Ke7 20. Rhe1 Ned3
21. Re3 Nc5 22. Rd4 Nc6 23. Rg4 Rxh8 24. Rc3 h5 25. Rxg7+ Kd6 26. a3 {This
position should be winning for White: he has a rook and two pawns for two
knights; his king is safe and the pawn skeleton is very healthy while the
black pawns are weak, and the black knights do not have secure positions in
the centre. It is worth mentioning that my computer evaluates this position as
"slightly better for White" (!!), the point is that it probably takes into
consideration only a rough material assessment and does not appreciate White's
long term advantages.} b6 27. b4 Ne4 28. Rd3+ Ke5 29. f3 Kf6 30. Rgd7 Ng5 31.
Rb7 Ne5 32. Rc3 Ngf7 33. Rxb6 Rd8 34. a4 Rd1+ 35. Rc1 Rd2 36. Rc2 Rd1+ 37. Ka2
Nd3 38. a5 Nfe5 39. a6 1-0

[Event "Politiken Cup 18th"]
[Site "Copenhagen"]
[Date "1996.??.??"]
[Round "8"]
[White "Emms, John M"]
[Black "Akesson, Ralf"]
[Result "1/2-1/2"]
[WhiteElo "2500"]
[BlackElo "2505"]
[Annotator "Baburin,A"]
[PlyCount "113"]
[EventDate "1996.06.??"]
[EventType "swiss"]
[EventRounds "11"]
[EventCountry "DEN"]
[SourceTitle "CBM 054"]
[Source "ChessBase"]
[SourceDate "1996.10.01"]
[SourceVersion "1"]
[SourceVersionDate "1996.10.01"]
[SourceQuality "1"]

1. e4 c5 2. c3 d5 3. exd5 Qxd5 4. d4 e6 5. Nf3 Nf6 6. Be3 cxd4 7. cxd4 Nc6 8.
Nc3 Qd6 9. a3 Be7 10. Bd3 O-O 11. O-O b6 12. Qe2 Bb7 13. Rad1 Rad8 14. Bg5 g6
15. Bc4 Rfe8 16. Rfe1 Nd5 17. Nxd5 $5 (17. Ne4 Qc7 18. h4 $5) 17... exd5 18.
Bb5 f6 {[#]As in the previous game, the pawn formation with the isolated
d4-pawn has been transformed into the symmetrical pawn centre with pawns on d4
& d5. White's pieces are more active, which determines his advantage, although
in the game White did not exploit it fully.} 19. Bd2 Kf7 20. Bb4 Qd7 21. Bxe7
Rxe7 22. Qd2 Rde8 23. Rxe7+ Rxe7 24. Qf4 Kg7 25. Rc1 Qc7 26. Qd2 Qd6 27. h3 Nd8
28. Bd3 Rc7 29. Rxc7+ Qxc7 30. Qe3 Qd6 31. Nh2 Bc8 32. Nf1 Ne6 33. Ng3 Qf4 34.
Ne2 Qxe3 35. fxe3 Nc7 36. Kf2 Ba6 37. Bxa6 Nxa6 38. Nf4 Nc7 39. g4 Kf7 40. Kf3
g5 41. Ne2 Ne8 42. Nc3 Ke6 43. b3 Nd6 44. a4 a6 45. e4 dxe4+ 46. Nxe4 Ne8 47.
Ke3 Nc7 48. Kd3 Nd5 49. Kc4 Ne3+ 50. Kd3 Nd5 51. a5 bxa5 52. Kc4 Ne3+ 53. Kc5
h6 54. Kc6 Nc2 55. Kc5 Ne3 56. Kc6 Nc2 57. Kc5 1/2-1/2

[Event "Schwarzach op-A"]
[Site "Schwarzach"]
[Date "1998.08.25"]
[Round "4"]
[White "Balinov, Ilia"]
[Black "Loeffler, Markus"]
[Result "1-0"]
[WhiteElo "2450"]
[BlackElo "2365"]
[Annotator "Balinov,I"]
[PlyCount "88"]
[EventDate "1998.08.30"]
[EventType "swiss"]
[EventRounds "9"]
[EventCountry "AUT"]
[SourceTitle "EXT 2000"]
[Source "ChessBase"]
[SourceDate "1999.11.16"]
[SourceVersion "1"]
[SourceVersionDate "1999.11.16"]
[SourceQuality "1"]

1. e4 c5 2. c3 d5 3. exd5 Qxd5 4. d4 Nf6 5. Nf3 Bg4 6. Be2 e6 7. O-O Nc6 8. h3
Bh5 9. Be3 cxd4 10. cxd4 Be7 11. Nc3 Qd6 12. Qb3 O-O 13. Rfd1 Rfd8 (13... Qb4
14. d5 Qxb3 15. axb3 exd5 16. Nxd5 Bd8 $14 (16... Nxd5 17. Rxd5 Bg6 18. Rd7 $16
)) (13... Nb4 14. d5 Nbxd5 15. g4 Bg6 16. g5 Ne4 17. Nxd5 exd5 18. Rxd5 Qe6 $11
) 14. a3 Rab8 $1 (14... a6 $5 15. Rac1 b5) (14... Rac8) (14... Nd5) 15. Rac1
Nd5 16. Ne4 $6 (16. Nb5 Qd7 (16... Na5 17. Qc2 Bg6 $1 18. Nxd6 Bxc2 19. Rxc2
Bxd6 $11 {Kindermann-Babula, Moskau 1994.}) 17. Ne5 Nxe5 (17... Na5) 18. Bxh5
Nxe3 19. fxe3 Nc6 20. d5 exd5 21. Bg4 Qe8 22. Nc7 Qf8 23. Nxd5 Bg5 $11) (16.
Nxd5 exd5 (16... Qxd5) 17. Qb5 f6 18. b4 {Semek-Lutz, Ptuj 1996.}) 16... Qc7 (
16... Qd7 17. Nc5 Bxc5 18. dxc5 $14) 17. Ng3 Bg6 $1 (17... Bxf3 18. Bxf3 Nxe3
19. Qxe3 $11) 18. Ne5 Bd6 19. Nxg6 (19. Bg5 $5 f6 20. Nxg6 fxg5 21. Bg4 Qf7 22.
Re1 Nxd4 23. Qd3 Bxg3 24. fxg3 Nf5 25. Ne5 $15) 19... Bxg3 20. Bg5 $5 (20. Ne5
Bxe5 21. dxe5 Qxe5 $17) 20... Bh2+ 21. Kh1 f6 (21... hxg6 22. Bxd8 Rxd8 23. g3
$16) 22. Bg4 $1 Qd6 23. Ne5 $1 Nxd4 $1 24. Rxd4 Bxe5 25. Re4 $1 h5 (25... fxg5
26. Rce1 h5 $1 $17 (26... Bf4 27. Bxe6+ Kf8 28. Rd1 $14) 27. Bxh5 Bf6 28. Rxe6
Qc5 29. Bf3 $17) (25... f5 $142 26. Bxd8 Rxd8 27. Rxe5 (27. Re2 fxg4 28. Rce1
Bd4 29. Rxe6 $15) 27... Qxe5 28. Bf3 $15) (25... Kh8 26. Rce1 $13) 26. f4 {'!'}
hxg4 (26... Nxf4 27. Bxf4 hxg4 28. Bxe5 fxe5 29. Rxg4 $11) 27. fxe5 {'='} Qe7
28. exf6 (28. Bh4 gxh3 29. Qxh3 Re8 $11) 28... gxf6 29. Rxg4 {'(+)!?'} (29. Bh4
$13) 29... fxg5 30. Qg3 Kf8 {'??'} (30... Qf6 $1 31. Rxg5+ Kf7 32. Rc2 Ne7 33.
Rf2 Nf5 34. Qc7+ Kf8 35. Qc5+ Ke8 36. Qb5+ Ke7 37. Qc5+ Ke8 38. Qb5+ $11) (
30... Kf7 31. Rxg5 Rg8 32. Rf1+ Nf6 33. Rxf6+ Qxf6 34. Qc7+ Qe7 35. Qf4+ $11) (
30... Nf6 31. Rxg5+ Kh8 32. Rg6 $1 $18) 31. Rxg5 {[#]} (31. Rf1+ Ke8 32. Rxg5
Qc5 33. Rxd5 exd5 34. Qg6+ Kd7 35. Rf7+ Qe7 36. Qg4+ Ke8 37. Rxe7+ Kxe7 38. Qd4
$16) 31... Nf6 {'?'} (31... Qf6 32. Rg6 Qf7 33. Rh6 Ke7 34. Rc7+ Nxc7 35. Qxc7+
Rd7 36. Qxb8 $16) (31... Qf7 $1 $19) 32. Rf1 {'+-'} Qf7 33. Rg6 Ke7 34. Rg7
Rbc8 (34... Kf8 35. Rxf7+ $18) 35. Qg6 Rf8 36. Qxf6+ Kd6 37. Rxf7 Rxf7 38. Qxf7
Rc5 39. Rd1+ Kc6 40. Qf3+ Kb6 41. Qf2 a5 42. Re1 Kc6 43. Re2 Kb6 44. Rxe6+ Kb5
1-0

[Event "RUS-chT 05th"]
[Site "Maikop"]
[Date "1998.06.11"]
[Round "9"]
[White "Saulin, Dmitri"]
[Black "Vokarev, Sergey"]
[Result "0-1"]
[WhiteElo "2375"]
[BlackElo "2485"]
[Annotator "Bangiev,A"]
[PlyCount "42"]
[EventDate "1998.06.03"]
[EventType "team-tourn"]
[EventRounds "11"]
[EventCountry "RUS"]
[SourceTitle "CBM 066"]
[Source "ChessBase"]
[SourceDate "1998.09.30"]
[SourceVersion "1"]
[SourceVersionDate "1998.09.30"]
[SourceQuality "1"]
[WhiteTeam "Moscow Apiko-Yakimanka"]
[BlackTeam "Ekaterinburg Agat"]
[WhiteTeamCountry "RUS"]
[BlackTeamCountry "RUS"]

1. e4 c5 2. Nf3 g6 3. c3 Bg7 4. Bc4 d6 5. d4 cxd4 6. cxd4 Nf6 7. Nc3 O-O 8. Qe2
(8. h3 $1) 8... Bg4 $1 9. h3 Bxf3 10. Qxf3 Nc6 {[%csl Rd4]} 11. Be3 Qb6 {
[%csl Rb2,Rd4]} 12. O-O-O (12. d5 Qxb2 13. Rc1 Ne5 $17) 12... Rac8 13. Rd2 (13.
d5 Ne5 14. Bxb6 Nxf3 15. gxf3 Rxc4 16. Bxa7 Nd7 $1 {/\ 17...b6} (16... Ra8 17.
Bd4) 17. Be3 Ra8 $36) 13... Qb4 14. Be2 e5 15. Rhd1 d5 $1 16. exd5 e4 $1 17.
Qf4 Ne7 $1 $19 18. Rc2 Nexd5 19. Nxd5 Rxc2+ 20. Kxc2 Nxd5 21. Qxe4 Rc8+ 0-1

[Event "Mondariz zt 1.1"]
[Site "Mondariz"]
[Date "2000.09.11"]
[Round "8"]
[White "Jonkman, Harmen"]
[Black "Conquest, Stuart"]
[Result "0-1"]
[WhiteElo "2424"]
[BlackElo "2529"]
[Annotator "Bangiev,A"]
[PlyCount "56"]
[EventDate "2000.09.03"]
[EventType "swiss"]
[EventRounds "11"]
[EventCountry "ESP"]
[SourceTitle "CBM 079"]
[Source "ChessBase"]
[SourceDate "2000.11.21"]
[SourceVersion "1"]
[SourceVersionDate "2000.11.21"]
[SourceQuality "1"]

1. e4 c5 2. c3 d5 3. exd5 Qxd5 4. d4 g6 5. Na3 (5. Be3 cxd4 (5... Bg7 $5) 6.
cxd4 (6. Bxd4 e5) (6. Qxd4 Nf6) 6... Nf6 7. Nc3 Qa5) (5. dxc5 Qxc5 6. Be3 Qc7
7. Na3 (7. Bxa7 Nc6 8. Be3 Bg7 9. Nf3 Nf6 10. Na3) 7... Nc6 8. Nb5 Qb8 9. Qb3
Nf6 10. Bc4 Ne5 11. f4 Bh6 12. Ne2 Nxc4 13. Qxc4 O-O 14. Nc7 b5 15. Qc5 Bb7 16.
Nxa8 Bxg2 17. Rg1 Qxa8 18. O-O-O Nd5 {0-1 Kos,T-Velickovic,Z/Bled 1999/(53)})
5... Bg7 (5... cxd4 6. Nb5 Na6 7. Qxd4 Qxd4 8. Nxd4 Nf6 9. Ngf3 Bg7 10. Bc4 O-O
11. O-O Nc5 12. Re1 e6 13. Bf4 Bd7 14. Ne5 Rfc8 {1/2-1/2 Charbonneau,P-Tyomkin,
D/Montreal 2000/(34)}) 6. Nb5 Na6 7. Be3 (7. Qa4 Bd7 8. dxc5 Nf6 9. Be3 O-O 10.
Rd1 Qc6 11. Qh4 Bg4 12. Nd4 Qa4 13. Be2 Bxe2 14. Ngxe2 Nxc5 {1-0 Maksimenko,
A-Briestensky,R/SVK-chT 1995/(38)}) 7... Nf6 {[%mdl 8] Ein neuer Plan. Schwarz
opfert den Bauern c5 um die Entwicklung rasch abzuschliessen.} (7... cxd4 8.
Bxd4 Bxd4 9. Qxd4 Qxd4 10. Nxd4 Nc7 11. Ngf3 Nf6 12. Bc4 O-O 13. O-O Rd8 {
1/2-1/2 Cherniaev,A-Ward,C/Port Erin 1998/(41)}) 8. dxc5 Bg4 9. Nf3 (9. Qxd5
Nxd5 10. Bd4 (10. h3 Nxe3 11. fxe3 Bf5) 10... O-O 11. Bxg7 Kxg7 12. b4 (12. h3
Bd7) 12... Rfd8 13. h3 Ndxb4 (13... Bd7 14. a4) 14. cxb4 Nxb4 15. Na3 Bf5 $132)
9... O-O 10. Be2 Rfd8 11. Qb3 Qh5 12. h3 Nxc5 13. Bxc5 Bxf3 14. Bxf3 Qxc5 15.
O-O e5 $132 16. Rae1 Re8 17. Rd1 e4 18. Nd6 $6 {Ein fragwürdiges Figurenopfer.}
(18. Be2 e3 19. Nd4) 18... exf3 19. Qxf7+ Kh8 20. Nxe8 Rxe8 21. Rd7 Rg8 (21...
Nxd7 22. Qxe8+ Nf8 23. gxf3 $44) 22. Rd3 $6 {Nun ist Schwarz auch materiell im
Vorteil.} (22. Rxb7 fxg2 23. Kxg2 Qg5+ 24. Kh2 Qf4+ 25. Kg2 Bf8 $40 {/\Bd6})
22... fxg2 23. Re1 Rf8 24. Qe7 Qc8 25. Red1 h5 26. Rf3 (26. Rd8 Qxh3 27. Rxf8+
Kh7 $19) 26... Qc6 27. Rg3 Nd5 28. Rxg2 Nxe7 0-1

[Event "Politiken Cup 18th"]
[Site "Copenhagen"]
[Date "1996.??.??"]
[Round "5"]
[White "Emms, John M"]
[Black "Tukmakov, Vladimir B"]
[Result "1-0"]
[WhiteElo "2500"]
[BlackElo "2595"]
[Annotator "Bangiev,A"]
[PlyCount "53"]
[EventDate "1996.06.??"]
[EventType "swiss"]
[EventRounds "11"]
[EventCountry "DEN"]
[SourceTitle "CBM 054"]
[Source "ChessBase"]
[SourceDate "1996.10.01"]
[SourceVersion "1"]
[SourceVersionDate "1996.10.01"]
[SourceQuality "1"]

1. e4 {Petursson Chekhov Baburin} c5 2. c3 Nf6 3. e5 Nd5 4. Nf3 Nc6 5. Bc4 Nb6
6. Bb3 (6. Be2 $5 {Chekhov}) 6... g6 (6... c4 $5 {Chekhov} 7. Bc2 g6 8. O-O Bg7
9. Re1 d6 10. exd6 Qxd6 11. Na3 O-O 12. b3 Be6 13. Ng5 Bd5 14. Qg4 cxb3 15.
axb3 h6 16. Ne4 Qd7 17. Qxd7 Nxd7 18. d4 f5 $10 {Nunn,J-Kramnik,V/Monaco/1994/
0,5/49/}) (6... d5 $5 {Chekhov} 7. exd6 exd6 8. d4 Bg4 9. h3 Bh5 10. Be3 Be7
11. dxc5 dxc5 12. Na3 O-O 13. O-O Qc8 14. Bf4 Rd8 15. Qe2 Bf8 16. Rfe1 Qf5 $10
{Ivanchuk,V-Kasparov,G/Dortmund/1992/0,5/27/}) 7. d4 cxd4 8. Ng5 (8. cxd4 {
Baburin} Bg7 9. Nc3 O-O 10. h4 $6 (10. O-O d6 11. exd6 Qxd6 12. d5 Na5 $15)
10... d5 11. h5 Bg4 12. hxg6 (12. Ne2 $5 f6 $1 $36) 12... fxg6 13. Be3 (13.
Rxh7 Bxf3 14. Rxg7+ Kxg7 15. gxf3 e6 {/\ Qh4-/+}) 13... a5 $1 $17 {Rozentalis,
E-Bologan,V/Belfort 62/146 1995/0-1 (26).}) 8... d5 9. exd6 e6 10. Qf3 Ne5 (
10... f6 $6 {Baburin} 11. Nxe6 Bxe6 12. Bxe6 $14 Bxd6 13. Qh3 (13. O-O $5)
13... f5 14. O-O Qf6 $1 15. Re1 Kd8 16. Bb3 Kd7 $1 17. Bd2 (17. cxd4 $5 {
Chekhov} Nxd4 18. Nc3 Rae8 19. Be3 $132) 17... Rae8 18. Rxe8 Rxe8 19. cxd4 Nxd4
20. Nc3 h5 21. Qd3 Kc8 22. Be3 Bc5 $1 23. Nd5 Nxd5 24. Bxd5 Kb8 $10 {Filipovic,
B-Cabrilo,G/JUG/1995/0-1 (59)}) 11. Qe4 $1 {Die weiße Dame nimmt eine ideale
Stellung zur Schaffung von Drohungen gegen den schwarzen König ein.} Qxd6 (
11... Bxd6 12. Qxd4 O-O 13. O-O $14) 12. cxd4 (12. Bf4 $2 {Chekhov} Nd3+ 13.
Qxd3 Qxf4 $19) 12... Nc6 13. O-O Bg7 (13... Qxd4 14. Rd1 (14. Qf3 Ne5 15. Qe2 (
15. Qf6 Bg7 $1 $17 (15... Nbd7 16. Ba4 (16. Qxh8 Nf3+ $19) 16... Bg7 $1)) (15.
Qg3 {Chekhov} Bg7 16. Nc3 $146) 15... Bg7 16. Rd1 Qg4 $15) 14... Qxe4 15. Nxe4
Be7 16. Bh6 $44) 14. Rd1 O-O 15. Nc3 (15. Qh4 {Chekhov} h6 16. Nf3 Qe7 $15)
15... Qe7 (15... Nxd4 $6 16. Nb5 Nxb5 17. Rxd6 Nxd6 18. Qh4 $16) (15... Ne7 16.
Qh4 (16. Bf4 $5 Qb4 17. Rac1 $36) 16... h6 (16... h5 17. Nge4 $14) 17. Nge4 Nf5
$5 $132) 16. Nf3 $16 {Baburin: White came out of the opening with a
significant advantage, due to his easy development and command of space.  Weiß
hat Raumvorteil und kann seine Kräfte schnell mobilisierren. Der isolierte
Bauer d4 bildet im Mittelspiel keine Schwäche, sondern sichert die weiße
Initiative.} Na5 {Die Aufgabe von Schwarz besteht darin, nach Möglichkeit
Vereinfachungen zu herbeizuführen.} 17. d5 $5 {Baburin: In this position there
is no point in White keeping the light squared bishop by moving it to c2, as
it would have little to do there. Instead, White seizes the initiative by the
typical thrust in the centre. While Black's main problem is the development of
the c8-bishop, now he has to deal with the possibity of d5-d6 as well. Ein
energischer Plan. Durch diesen Bauernvorstoß soll das weiße Zentrum verstärkt
werden.} Rd8 (17... f5 $5 18. Qf4 (18. d6 Qxd6 $1) 18... Nxb3 19. d6 Qf6 20.
axb3 e5 $132) (17... Nxb3 18. d6 $5) 18. Bf4 {/\19.d6} Nxb3 19. axb3 Bd7 (19...
Bxc3 20. d6 Qd7 21. bxc3 $16) (19... e5 20. Bxe5 Bf5 21. Qf4 $16) 20. Bc7 $1
$16 Rdc8 (20... Rf8 21. d6 Qe8 22. Bxb6 axb6 23. Qxb7 $16) 21. d6 Qe8 22. Ne5 {
/\23.Nd7,24.Qb7} (22. Qxb7 $6 Bc6) 22... Bxe5 {Baburin: It equals resignation
to give up the defending bishop.} (22... Nd5 {Baburin} 23. Nxd7 Bxc3 24. Nc5
Rxc7 25. dxc7 Bxb2) (22... Bc6 {Chekhov} 23. Nxc6 Qxc6 (23... bxc6 24. Bxb6
axb6 25. d7 $18) 24. Qxc6 bxc6 25. Bxb6 axb6 26. d7 Rd8 27. Rxa8 Rxa8 28. d8=Q+
$18) (22... f6 {Chekhov} 23. Nxd7 Qxd7 24. Qxb7 $18) 23. Qxe5 {/\24.Ne4} Bc6 (
23... f5 {/\24...Bc6} 24. Re1 Kf7 25. Re3 Bc6 26. Bxb6 axb6 27. Rae1 Bd7 28.
Nd5 Qd8 29. Nc7 $18) (23... Qf8 {Chekhov} 24. Ne4 Qg7 25. Nf6+ Kh8 26. Bxb6
axb6 27. Nxd7 $18) 24. Bxb6 axb6 25. d7 $1 $18 {Baburin: Probably Black missed
this move, when he was playing 22...Bxe5?; now the weaknness of the dark
squares around the black monarch is decisive.} Bxd7 26. Rxa8 Rxa8 27. Ne4 (27.
Ne4 {Chekhov} Qe7 28. Nf6+ Kf8 29. Nxd7+ Qxd7 30. Qh8+ Ke7 31. Rxd7+ $18) 1-0

[Event "Cap d'Agde CCAS op"]
[Site "Cap d'Agde"]
[Date "2010.10.27"]
[Round "4"]
[White "Bauer, Christian"]
[Black "Wirig, Anthony"]
[Result "1-0"]
[WhiteElo "2622"]
[BlackElo "2477"]
[Annotator "Bauer,C"]
[PlyCount "45"]
[EventDate "2010.10.23"]
[EventType "swiss"]
[EventRounds "7"]
[EventCountry "FRA"]
[SourceTitle "EXT 2012"]
[Source "ChessBase"]
[SourceDate "2011.11.24"]
[SourceVersion "1"]
[SourceVersionDate "2011.11.24"]
[SourceQuality "1"]

1. e4 c5 2. Nf3 e6 3. c3 d5 4. exd5 ({Etant donné que Anthony a joué récemment
des Françaises} 4. e5 Nc6 5. d4 {me semblait un choix moins judicieux. Après,
l'Alapine c'est pas terrible, n'est-ce-pas Christophe ?}) 4... Qxd5 5. Na3 (5.
d4 {Est plus courant mais pas forcément meilleur.}) 5... Nf6 6. d4 Nc6 (6...
cxd4 $6 {serait imprécis а cause de} 7. Nb5 Qd8 8. Qxd4) 7. Be3 (7. Nb5 Qd8 8.
Bf4 $6 {Nd5 ne donne rien, alors qu'après} (8. dxc5 Bxc5 9. Qxd8+ Kxd8 {
la finale est censée être approximativement égale.})) 7... cxd4 8. Nb5 Qd8 9.
Nbxd4 Nd5 $1 {le meilleur alors qu'après} (9... Nxd4 $6 10. Bxd4 {puis Bd3,
Qe2 et 0-0-0 (ou 0-0) les Blancs auraient une partie facile. Maintenant la
structure de pions noire va être endommagée, mais en contrepartie d'atouts
dynamiques : colonne "b" et fort Nd5.}) 10. Nxc6 (10. Bg5 $5 f6 11. Bd2 Bc5 12.
Bb5 Qb6 13. Qa4 O-O 14. Bxc6 bxc6 15. O-O e5 16. Nb3 Be7 17. c4 Nc7 18. Na5 Bd7
19. Be3 Qa6 $13 {Kamsky,G-Alekseev,E/Jermuk 2009, 0-1 (56)}) 10... bxc6 11. Bd4
f6 12. Qe2 {Une nouveauté intéressante fruit de l'inspiration après 20 heures
de jeu !} (12. Bc4 c5 13. Be3 Nxe3 14. fxe3 Rb8 (14... Qxd1+ $5) 15. Qe2 Bd6
16. O-O O-O 17. Rad1 Qe7 $13 {Tiviakov,S-Johannessen,L/Portugal 2010, 1-0 (56)}
) 12... e5 ({Les alternatives étaient} 12... c5 $2 13. Bxc5 Bxc5 14. Qb5+) (
12... Qa5 $1 13. Nd2 e5 14. Nc4 Qc7 15. O-O-O $13) ({ou bien} 12... Kf7 $5 13.
O-O-O c5 14. Be5 $5 {avec l'idée} fxe5 15. c4 {et initiative blanche.}) 13.
O-O-O Be6 $2 (13... Qe7 {valait mieux mais n'empêchait pas totalement le
sacrifice :} 14. Bxe5 fxe5 15. Nxe5 {avec une position difficile а juger, les
Blancs menaçant а la fois Nxc6 et Qh5+.}) 14. c4 Nf4 15. Qe4 Qc8 16. Bxe5 fxe5
17. Nxe5 Nh5 (17... Nd5 $5 18. cxd5 cxd5+ 19. Qc2 {avec un bon pion de plus
que la paire de Fous ne compense pas entièrement.}) (17... Ng6 18. Nxc6 {
et les Noirs ont des problèmes similaires а la partie.} (18. Nxg6 $6 hxg6 19.
Qxg6+ Ke7 $13 {car ...Rh6 arrive en renfort !})) 18. Nxc6 Be7 $2 ({Il fallait
tenter} 18... Kf7 $1 19. Nd8+ Qxd8 20. Rxd8 Rxd8 {qui doit être mieux pour les
Blancs а cause de l'avantage matériel, mais reste très compliqué.}) 19. Re1
Bg5+ 20. Kb1 Nf4 21. h4 $6 (21. Nd4 $1 {était plus simple.} Kf7 22. h4 Bh6 23.
Nxe6 Nxe6 24. c5 $18) 21... Bh6 (21... Bf6 22. c5 $1 Kf7 23. Qxf4 Qxc6 24. Rxe6
$1 Kxe6 25. Bc4+ Ke7 26. Re1+ Kd8 27. Rd1+ Ke7 28. Bd5 $18) 22. g3 O-O $2 ({Sur
} 22... Kf7 {23.Ka1 gagne tandis que} 23. Nd4 Re8 $1 24. gxf4 Bf5 25. Nxf5 Rxe4
26. Nxh6+ gxh6 27. Rxe4 {demeure mieux pour les Blancs mais moins trivial que
la partie.}) 23. Ne7+ 1-0

[Event "Yerevan op"]
[Site "Yerevan"]
[Date "1996.??.??"]
[Round "2"]
[White "Sveshnikov, Evgeny"]
[Black "Cherniaev, Alexander"]
[Result "1/2-1/2"]
[WhiteElo "2565"]
[BlackElo "2430"]
[Annotator "Belov,I"]
[PlyCount "80"]
[EventDate "1996.??.??"]
[EventType "swiss"]
[EventRounds "11"]
[EventCountry "ARM"]
[SourceTitle "CBM 052 Extra"]
[Source "ChessBase"]
[SourceDate "1996.07.01"]
[SourceVersion "1"]
[SourceVersionDate "1996.07.01"]
[SourceQuality "1"]

1. e4 c5 2. c3 Nf6 3. e5 Nd5 4. Nf3 Nc6 5. Bc4 Nb6 6. Bb3 c4 (6... d5) 7. Bc2
Qc7 $5 {N/} (7... g6 8. b3 (8. Na3 d6 $6 9. Qe2 d5 10. h3 Bg7 11. O-O Nd7 12.
e6 fxe6 13. Ng5 Nf8 14. f4 e5 15. fxe5 Nxe5 16. Kh1 h6 17. Nf3 $36 {Adams,
M-Gelfand,B/Wijk aan Zee/1994/0,5/86/}) 8... d5 (8... Bg7 9. bxc4 Nxe5 10. Nxe5
Bxe5 11. c5 Nd5 12. Qf3 Nc7 13. O-O O-O 14. d4 Bg7 15. Bf4 Ne6 16. Bg3 $16 {
Mukhametov,E-Vasilchenko,O/Moscow tt/1994/1:0/23/}) 9. exd6 Qxd6 10. O-O Bg7
11. Na3 cxb3 (11... Be6 12. Qe2 cxb3 13. axb3 O-O 14. d4 Nd5 15. Bd2 Qd7 16.
Rad1 Bg4 17. h3 Bxf3 18. Qxf3 $14 {Rozentalis,E-Watson,W/GER/1994/1:0/44/}) 12.
axb3 O-O 13. d4 Bg4 14. h3 Bxf3 15. Qxf3 e5 $132 {Dolmatov,S-Yudasin,L/Haifa/
1995/0,5/39/}) 8. Qe2 g5 $5 9. e6 (9. Nxg5 Qxe5 10. d4 (10. Nf3 Qxe2+ 11. Kxe2
Bg7 12. d4 cxd3+ 13. Bxd3 d5 14. Re1 O-O 15. Kf1 e5 $15) 10... cxd3 11. Bxd3
Qxe2+ 12. Kxe2 h6 13. Nf3 Bg7 $10) 9... dxe6 10. Nxg5 Qe5 (10... h6 11. Nf3 Bg7
12. O-O O-O 13. Na3 $14) 11. Ne4 (11. d4 cxd3 12. Bxd3 Qxe2+ 13. Kxe2 h6 14.
Nf3 Bg7 $10) 11... f5 12. Ng3 Bh6 $5 13. Na3 Qxe2+ (13... O-O 14. d4 cxd3 15.
Bxd3 Bxc1 16. Rxc1 $14) 14. Kxe2 O-O 15. b3 (15. d3 $142 $5 Bxc1 16. Raxc1
cxd3+ 17. Bxd3 e5 18. Rhd1 $14) 15... cxb3 16. Bxb3 (16. axb3 e5 $10) 16... Nd5
$1 (16... Kh8 17. d4 Bxc1 18. Raxc1 e5 19. Rhd1 $14) 17. Re1 Nf4+ 18. Kf1 Nd3
$1 (18... Rf6 $5) 19. Bxe6+ Kg7 20. Re2 f4 21. Nh5+ (21. Nh1 Nce5 22. Bxc8
Raxc8 $44) 21... Kg6 22. g4 $8 f3 23. Re4 Nxc1 24. Rxc1 Bxd2 25. Rd1 (25. Rc2
Bg5 26. Nb5 Bxe6 27. Rxe6+ Kf7 28. Re4 Rad8 $15) 25... Bxc3 26. Rd5 Bxe6 27.
Rxe6+ Kf7 28. Re3 Bb4 29. Rb5 $1 (29. Rxf3+ $2 Ke6 30. Rdd3 $8 Rxf3 31. Rxf3
Ne5 32. Re3 Bxa3 33. Rxa3 Nxg4 $17) 29... Kg8 (29... Bxa3 30. Rxf3+ Kg8 31.
Rxa3 b6 32. f4 $16) 30. Nc2 Ba5 31. Rg5+ (31. Rxb7 Rad8 $36) 31... Kh8 32. Rf5
$1 $10 Rxf5 33. gxf5 Rf8 34. Rxf3 Bb6 35. Ne3 (35. Ng3 Rd8 36. f6 exf6 37. Rxf6
Rd2 $17) 35... Ne5 (35... Rd8 $5 36. Nc4 Bc5 37. f6 exf6 38. Rxf6 Kg8 39. Rf5
$10) 36. Rf4 Bxe3 37. fxe3 Nd3 38. Rf3 Ne5 39. Rf4 Nd3 40. Rf3 Ne5 1/2-1/2